Wheat-maize bread (Record no. 83110)

MARC details
000 -LEADER
fixed length control field 00703nam a2200157 a 4500
008 - FIXED-LENGTH DATA ELEMENTS--GENERAL INFORMATION
fixed length control field 101026s1976 ||||||||||||||||| || u
050 ## - LIBRARY OF CONGRESS CALL NUMBER
Classification number ZSI(08)ZS
110 ## - MAIN ENTRY--CORPORATE NAME
Corporate name or jurisdiction name as entry element Zambian Standards Institute (ZSI)
245 10 - TITLE STATEMENT
Title Wheat-maize bread
260 ## - PUBLICATION, DISTRIBUTION, ETC.
Place of publication, distribution, etc. Lusaka
Name of publisher, distributor, etc. Zambian Standards Institute (ZSI)
Date of publication, distribution, etc. 1976
300 ## - PHYSICAL DESCRIPTION
Extent ii, 10p.
350 ## -
-- 0.00
650 ## - SUBJECT ADDED ENTRY--TOPICAL TERM
Topical term or geographic name entry element BREAD--STANDARDS--ZAMBIA
995 ## -
-- SPECIAL COLLECTIONS
-- 0.00
-- 03007254
-- CBU-MAIN LIBRARY (Kitwe)
-- 1
-- 0.00
-- ZSI(08)ZS/020/1976A
-- 1
-- AVAILABLE
-- Oct 26, 2010
-- 03007254
-- Zambiana Collection
995 ## -
-- SPECIAL COLLECTIONS
-- 0.00
-- 03007255
-- CBU-MAIN LIBRARY (Kitwe)
-- 1
-- 0.00
-- ZSI(08)ZS/020/1976B
-- 2
-- AVAILABLE
-- Oct 26, 2010
-- 03007255
-- Zambiana Collection
999 ## -
-- 83110
-- 83110
Holdings
Withdrawn status Lost status Source of classification or shelving scheme Damaged status Not for loan Permanent Location Current Location Shelving location Date acquired Total Checkouts Full call number Barcode Date last seen Copy number Price effective from Koha item type
          CBU-MAIN LIBRARY, KITWE. CBU-MAIN LIBRARY, KITWE.   10/25/2023   ZSI(08)ZS 03007254 10/25/2023 1 10/25/2023 SPECIAL COLLECTION
          CBU-MAIN LIBRARY, KITWE. CBU-MAIN LIBRARY, KITWE.   10/25/2023   ZSI(08)ZS 03007255 10/25/2023 2 10/25/2023 SPECIAL COLLECTION